000
00325 a2200145 4500
001
153427
040
_c
Escola São Tomás de Aquino
100
_a
MACHADO, Ana Maria
240
1
0
_a
Amigo é comigo
_l
por
245
1
0
_a
Amigo é comigo
362
0
_a
2000
440
1
_a
Moderna
697
_a
*LITERATURA JUVENIL
942
_c
BK
999
_c
153427
_d
153427